000 01955nam a2200325 i 4500
003 EG-GICUC
005 20260121101213.0
008 251111s1993 EG ||||fr|||| 000 0 ara d
017 _a1990/8680
020 _a977-00-0842-7
040 _a EG-GICUC
_bara
_c EG-GICUC
_d EG-GICUC
_erda
082 0 4 _221
_a341.84
_bع أ . ح
092 0 4 _221
099 _alaw1 11 341.84 1993ع أ . ح
100 0 _a خير ، عادل محمد
_eAuthor.
245 _aحدود وحالات الإختصاص الدولي للمحاكم المصرية :
_bدراسة تاريخية تطبيقية بدءً من القانون والقضاء الفرعوني مذيلة بالمبادئ التي قررتها محكمة النقض المصرية في خمسين عاما في مجال الإختصاص الدولي للمحاكم المصرية وتنازع القوانين من حيث المكان باللغتين العربية والانجليزية -
_cعادل محمد خير
250 _aط 2 .
264 _aالقاهرة :
_bدار النهضة العربية ،
_c1993.
300 _a244 صفحة
_c24 سم
336 _2rda content
_atext
337 _2rda media
_aComputer
338 _2rda carrier
_aOnline Resource
500 _aالنص الكامل لاتفاقية واشنطن التسوية منازعات الاستثمار النص الكامل للاتفاقية الثنائية لتشجيع وحماية الاستثمارات المتبادلة بين مصر وفرنا، النص الكامل لاتفاقيتي التعاون القضائي بين مصر وفرنسا في المجالين المدني والجنائي (باللغتين العربية والفرنسية ،
546 _aالنص باللغة العربية
650 1 4 _aالقانون الدولي الخاص
_2qrmak
651 1 _2qrmak
856 4 0 _uhttps://fll.law.cu.edu.eg/fulltext/bks/B11-04185.pdf
905 _a39
942 _2ddc
_cBK
_e21
_n0
999 _c42771
_d42771